| 000 | 00726nam a2200253 a 4500 | ||
|---|---|---|---|
| 001 | BRCA_3644 | ||
| 005 | 20190320204350.0 | ||
| 008 | 270809t1939----fr-a######---#000-0#fre-# | ||
| 041 | _afr | ||
| 044 | _afre | ||
| 050 | 4 |
_aND801 _b.L44 1939 |
|
| 100 | 1 |
_aLegendre, Maurice _99446 |
|
| 245 | 1 | 0 |
_aLa peinture espagnole _cpar M. Legendre et Enriquetta Harris. |
| 260 |
_aParís _bHypérion _c1939 |
||
| 300 |
_a42 p. _bil., 104 láminas (algunas a color) _c32 cm. |
||
| 500 | _aIncluye tabla de materias | ||
| 500 | _aB314 | ||
| 504 | _aBibliografía: p. 39-41 | ||
| 650 | 1 | 4 |
_aPintura española _97790 |
| 650 | 1 | 4 |
_aPintura _zEspaña _92581 |
| 700 | 1 |
_aHarris, Enriquetta _ecoaut _99447 |
|
| 902 | _aGFM | ||
| 942 |
_2lcc _cB |
||
| 999 |
_c3379 _d3379 |
||